MDQL
is popping MORE tags! Check the
thread
!
Quizzes
Events
Quiz Creation
Community
Videos
Private Events
Remove Ads
Sign In
Join for FREE
Feedback
Dark Mode
Quiz Categories
Sports
Geography
Music
Movies
Television
Just For Fun
Miscellaneous
History
Literature
Language
Science
Gaming
Entertainment
Religion
Holiday
For Kids
Quiz Lab
Recent
Popular Today
Quiz Kudos Today
Editor Picks
Curator Picks
Quizzes by...
Day
Popularity
Type
Ratings
Length
Year
Community
Subscriptions
Recent Discussions
Orange Saloon
Badges
Playlists
Quests
Create
Leaderboards
Showdown
Live 5
Trivia Bingo
Activity
Puzzle Library
Sporcle Events
Private Events
Virtual Trivia
Globe League
Become a Host
Pub Owners
SporcleCon
Opinionation
Our Games
Videos
Blog
Mobile Apps
Partnerships
Remove Ads and Go Orange
Feedback
Music
Pop Music
The Beatles
Song
Album
Lyrics
Bands
Singers
Artist
Clip
Rock
Rap
Classical
Billboard
Country Music
Kpop
Taylor Swift
Music
Pop Music
The Beatles
Song
Album
Lyrics
Bands
Singers
Artist
Clip
Rock
Rap
Classical
Billboard
Country Music
Kpop
Taylor Swift
Random Quiz
Search Sporcle
×
Quiz Lab
Quiz Lab
Music
Song
Type in answers that appear in a list
Type in answers that appear in a list
Classic
Best Score? Go Orange.
Songs Pearl Jam Played during 2006 Tour Stats
Can you name the Songs Pearl Jam Played during 2006 Tour?
By
scottmusic
15m
105 Questions
410 Plays
410 Plays
410 Plays
Comments
Comments
Give Quiz Kudos
Give Quiz Kudos
-
- Ratings
hide this ad
More Info
Replay
Link that replays current quiz
Next Quiz
Link to next quiz in quiz playlist
You Got
0%
They Got
Avg Score
68%
Avg Friend Score
Upgrade to see
Score Distribution
Jump to the score distribution portion of the page
Score
0/105
Timer
15:00
0
Plays Today
Song
% Correct
Alive
98.8%
Even Flow
98%
Why Go
96.1%
Jeremy
95.6%
Go
93.9%
Black
93.4%
Betterman
92%
Yellow Ledbetter
90.7%
Daughter
90.2%
Animal
88.8%
Release
87.1%
Porch
86.8%
World Wide Suicide
86.6%
Life Wasted
86.3%
Corduroy
86.1%
Given to Fly
84.9%
Elderly Woman Behind the Counter in a Small Town
84.6%
Not For You
84.6%
Indifference
84.6%
Once
84.4%
Do the Evolution
84.1%
Nothingman
83.4%
Rearviewmirror
83.2%
Garden
83.2%
Hail Hail
82.7%
Oceans
82.2%
Save You
81.7%
Leash
81%
Spin the Black Circle
80%
Dissident
79.3%
Blood
79%
Last Exit
78.5%
Low Light
78.5%
Rats
78.5%
Severed Hand
76.6%
Song
% Correct
Parachutes
76.6%
Immortality
76.6%
Wasted Reprise
75.1%
Brain of J
75.1%
Come Back
74.9%
Wishlist
74.6%
Nothing as it Seems
73.9%
In My Tree
73.7%
Inside Job
73.2%
Gone
73.2%
Dead Man
72.9%
Love Boat Captain
72.7%
Off He Goes
72.4%
Comatose
72.2%
I Am Mine
72.2%
Marker in the Sand
72%
Army Reserve
71.7%
Lukin
71.7%
Sometimes
70.7%
Glorified G
70.5%
Can't Keep
70.5%
Red Mosquito
69.8%
Unemployable
68.3%
Insignificance
68.3%
In Hiding
68.3%
State of Love and Trust
67.6%
MFC
67.6%
Present Tense
66.6%
Breakerfall
66.6%
Tremor Christ
66.6%
Whipping
66.3%
Smile
66.1%
Grievance
65.9%
Satan's Bed
65.6%
Faithfull
65.6%
Song
% Correct
Light Years
65.1%
Big Wave
63.4%
God's Dice
62.9%
Thumbing My Way
61.7%
Of the Girl
61.7%
Bushleaguer
61.5%
Green Disease
60%
Parting Ways
59.5%
Breath
58.8%
Around the Bend
58.5%
You Are
57.8%
Thin Air
56.8%
Wash
56.3%
Soon Forget
56.1%
Down
55.6%
Sad
53.4%
Footsteps
53.4%
I Got ****
52.9%
Sleight of Hand
52.9%
All or None
52.7%
I'm Open
52%
Long Road
47.8%
Half Full
45.9%
Alone
45.9%
Leatherman
45.6%
Dirty Frank
42.7%
Untitled
42%
Hard to Imagine
40.7%
Man of the Hour
39.8%
Fatal
36.8%
Bee Girl
35.9%
Education
35.6%
Undone
33.2%
Don't Gimme No Lip
20.7%
U
11.2%
Quiz Playlist
Details
Report
Send in Message
Add To Playlist
More Info:
Only Originals, No Covers
Classic:
Type in answers that appear in a list
Quiz Source
Last Updated: Feb 16, 2017
Quiz Scoreboard
CHALLENGE
Sign Up to Join the Scoreboard
Show All
Scores
Hide
Comments
May contain spoilers
Recently Published
Two Season TV Shows II
by 123Four
Television
10m
Image Sorting: Flags VI
by Barbecue
Geography
2m
Find the 'City' Movie
by crazypaving
Movies
60s
More to Explore
Quiz From the Vault
Featured Blog Post
14 Easter Pick-up Lines to Find Eggs With
hide this ad
You Might Also Like...
Tags
Song Quiz
2006
jam
pearl
tour
Today's Top Quizzes in Music
Browse Music
hide this ad
Today's Top Quizzes in Song
Browse Song
Top Contributed Quizzes in Music
1
5X2 Blitz: Bands II
2
5X2 Blitz: The Beatles
3
Taylor Swift All Songs (2024)
4
5X2 Blitz: Billboard
5
5X2 Blitz: Billboard II
6
5X2 Blitz: Album
7
5X2 Blitz: Singers
8
5X2 Blitz: Rock
9
Music Artist by Three 2010s hits
10
5X2 Blitz: Lyrics
Explore More
Trending Topics
Crossword
Kpop
NBA
Anime
Marvel
Harry Potter
Disney
NFL
Pokémon
The Office
Soccer
WWE
Country
Puzzle
Song
hide this ad
More By:
scottmusic
Quiz
Plays
Rating
Category
Featured
Created
Pearl Jam Openers and Closers in 2003
729
4.75
Music
Jul 4, 2010
Pearl Jam's Setlist on 10-31-09
618
5.00
Music
Jul 2, 2010
Songs Pearl Jam Played during 2006 Tour
410
5.00
Music
Jul 2, 2010
2008 NASCAR Sprint Cup Winners
206
Sports
Sep 2, 2010
Songs Bruce Springsteen Played in 2009
167
4.50
Music
Jul 6, 2010
Go to Creator's Profile
Score Distribution
Quiz Creator Spotlight
scottmusic
Follow
Send a Message
Quizzes Created
-
Created Quiz Play Count
-
More By This Creator
Popular Quizzes Today
1
Find the US States - No Outlines Minefield
2
Colored Red Africa Blitz
3
Find the 'City' Movie
4
5x2 Blitz: Bands
5
The Countries of the World
6
Find the Countries of Europe - No Outlines Minefield
7
Find the US States
8
US States
More Music Quizzes
Artist by First #1 Hit IV
Published
Trending Quizzes
Colored Red Europe Blitz I
Colored Red Africa Blitz II
Colored Red Europe Blitz II
Colored Red Africa Blitz III
Even More Two Season TV Shows
Recently Updated
March Madness Men's Triple Doubles
pecheneg
How Do You Spell That?
pecheneg
Godzilla Movies
pecheneg
Grab Bag: 4-10 Letters
pecheneg
2024 March Madness Bracket
pecheneg
Famous TV Couples
Peacemaker
Champions League XIs: Real Madrid
pecheneg
Largest US Cities 1790-2010
pecheneg
Rides in Walt Disney World
pecheneg
Most Oscar Losses (Acting)
pecheneg
Trending Topics
Anime
Marvel
Disney
Crossword
Harry Potter
Kpop
NBA
The Office
WWE
Pokémon
NFL
Puzzle
Country
Soccer
Song
Your Account Isn't Verified!
In order to create a playlist on Sporcle, you need to verify the email address you used during registration. Go to your
Sporcle Settings
to finish the process.
Report this User
Report this user for behavior that violates our
Community Guidelines
.
Details:
Send Report
Go to the Sporcle.com Mobile Site →
Comments